000 00452nab a2200145Ia 4500
003 ES-SlBCS
005 20210601132850.0
008 140529s1960 xxu||||| |||| 00| 0 ita d
041 _aita
100 1 _aPaggiaro, Luigi
_963065
245 0 0 _aL'indagine religiosa nel pensiero di C. Ottaviano
_c Luigi Paggiaro
600 1 4 _aOttaviano, Carmelo
_922019
773 0 _tGiornali di Metafisica
_gvol. 15, nº. 3, 1960, págs. 283-296
_w0017-0372
942 _cAR
999 _c586870
_d586870